Statistics for Mr Gum Characters

Click here to take the quiz!

General Stats

  • This quiz has been taken 4 times
  • The average score is 8 of 13

Answer Stats

HintCharacter% Correct
His favourite TV show is Bag of SticksMr Gum
100%
Star of Bag of Sticks Christmas SpecialA dead robin
67%
The Biscuit BillionaireAlan Taylor
67%
Third in line for the throne of England, after them other geezersBilly William the Third
67%
He is as old as the hills and as wise as the hills, but not quite as tall as the hillsFriday O'Leary
67%
The fattest man in town, who goes on a food-finding mission in a hot air balloonJohnathan Ripples
67%
He runs the launderette, perpetually sat on by ^Martin Launderette
67%
Has a sherry problem and varicose veinsOld Granny
67%
Her full name is Jammy Grammy Lammy F'Huppa F'Huppa Berlin Stereo Eo Eo Lebb C'Yepp Nermonica Le Straypek De Grespin De Crespin De Spespin De Vespin De Whoop De Loop De Brunkle Merry Christmas LenoirPolly
67%
Calls #3 "Child," though he is no older than sheSpirit of the Rainbow
67%
Loves things that rhymeBeany McLeany
33%
Burger salesman who divides #1 and #2Greasy Ian
33%
Bear with very expressive eyesPadlock
33%

Score Distribution

Percentile by Number Answered

Percent of People with Each Score

Your Score History

You have not taken this quiz